Digital property (Record no. 102170)

MARC details
000 -LEADER
fixed length control field 01405cam a2200265 4500
001 - CONTROL NUMBER
control field J118721
008 - FIXED-LENGTH DATA ELEMENTS--GENERAL INFORMATION
fixed length control field 020705n2001 000 0 eng u
035 ## - SYSTEM CONTROL NUMBER
System control number (Sirsi) u118721
050 ## - LIBRARY OF CONGRESS CALL NUMBER
Classification number 333.33
110 ## - MAIN ENTRY--CORPORATE NAME
Corporate name or jurisdiction name as entry element Property Council of Australia
9 (RLIN) 3603
245 ## - TITLE STATEMENT
Title Digital property
260 ## - PUBLICATION, DISTRIBUTION, ETC.
Place of publication, distribution, etc. Sydney
Name of publisher, distributor, etc. Property Council of Australia
-- Andersen Real Estate and Hospitality
Date of publication, distribution, etc. 2001
300 ## - PHYSICAL DESCRIPTION
Extent 96p.
Dimensions 30m
520 ## - SUMMARY, ETC.
Summary, etc. Report of the Australian digital property project which explores the demands and themes resulting from the increased use of information technology and their impact on the way value can be created in the property industry. The principle themes discussed from the viewpoint of developers, managers, owners, performance measurement analysts and transaction facilitators are: connectivity; reality in the changing economic environment; customer demands; capital demands; and business models. The project continues via the digital property website at http://www.digitalproperty.com.au
650 ## - SUBJECT ADDED ENTRY--TOPICAL TERM
Topical term or geographic name entry element E-PROPERTY
650 ## - SUBJECT ADDED ENTRY--TOPICAL TERM
Topical term or geographic name entry element MANAGEMENT-BUSINESS MANAGEMENT-INFORMATION MANAGEMENT
650 ## - SUBJECT ADDED ENTRY--TOPICAL TERM
Topical term or geographic name entry element Property management
9 (RLIN) 6262
650 ## - SUBJECT ADDED ENTRY--TOPICAL TERM
Topical term or geographic name entry element PROPERTY DEVELOPMENT
650 ## - SUBJECT ADDED ENTRY--TOPICAL TERM
Topical term or geographic name entry element PROPERTY SALES
650 ## - SUBJECT ADDED ENTRY--TOPICAL TERM
Topical term or geographic name entry element PROPERTY TRANSACTIONS
690 ## - LOCAL SUBJECT ADDED ENTRY--TOPICAL TERM (OCLC, RLIN)
Topical term or geographic name as entry element PROPERTY MANAGEMENT
9 (RLIN) 6262
710 ## - ADDED ENTRY--CORPORATE NAME
Corporate name or jurisdiction name as entry element Andersen Real Estate and Hospitality
9 (RLIN) 4271
856 ## - ELECTRONIC LOCATION AND ACCESS
Uniform Resource Identifier <a href="https://www.digitalproperty.com.au">https://www.digitalproperty.com.au</a>
942 ## - ADDED ENTRY ELEMENTS (KOHA)
Suppress in OPAC 0
Holdings
Withdrawn status Lost status Source of classification or shelving scheme Damaged status Not for loan Home library Current library Shelving location Date acquired Total Checkouts Full call number Barcode Date last seen Copy number Price effective from Koha item type
    Dewey Decimal Classification     London London Folio 05/07/2002   F333.33 PRO 30066110 06/08/2019 1 06/08/2019 Book